000 00599nam a2200193Ia 4500
003 IN-BaIIA
008 211028s9999 xx 000 0 eng d
020 _a978-1-848-31597-6
040 _cIIA Library
080 _a52
_bTHI
245 0 _a30-second astronomy
_bthe 50 most mindblowing discoveries in astronomy each explained in half a minute
_cedited by Francois Fressin
260 _aU.K
_bIcon Books
_c2013
300 _a160p. + cd
650 _aAstronomy
_980
650 _aSolar physics
650 _aThirty second astronomy
_936012
700 _aFressin, Francois., ed.
_936013
942 _cBK
999 _c18839
_d18839